000 00495nam a22001577a 4500
020 _qHard Cover.
082 _a658
100 _aEjaz, Salman
245 _aImpact of Size Premium, Value Premium and Market Timing in Karachi Stock Exchange
_cSalman Ejaz.
260 _aIslamabad:
_bNBS - NBS,
_c2015.
300 _a77 p. :
_bill. ;
_c30cm.
650 _aMBA-Thesis.
_917629
700 _aSyed Haroon Rashid.
_917932
942 _2ddc
_cTHE
999 _c532896
_d532896